000 01040cam a22002894a 4500
001 13511438
005 20250325104605.0
008 040304s2005 njua b 001 0 eng
020 _a0131128000
020 _a9780131128002
050 0 0 _aLC225.3
_b.B27 2005
082 0 0 _a371.19/0973
_222
100 1 _aBarbour, Chandler.
245 1 0 _aFamilies, schools and communities :
_bbuilding partnerships for educating children /
_cChandler Barbour, Nita H. Barbour, Patricia A. Scully.
250 _a3rd ed.
260 _aUpper Saddle River, NJ :
_bPearson/Prentice Hall,
_cc2005.
300 _axix, 427 p. :
_bill. ;
_c24 cm.
650 0 _aHome and school
_zUnited States.
650 0 _aCommunity and school
_zUnited States.
650 0 _aSchool environment
_zUnited States.
650 0 _aStudents
_zUnited States
_xSocial conditions.
650 0 _aEducation
_xCurricula
_zUnited States.
650 0 _aChild development
_zUnited States.
700 1 _aBarbour, Nita.
700 1 _aScully, Patricia A.,
_d1949-
942 _2lcc
_cBK
_e3rd Ed.
_n0
999 _c5172
_d5172